| 000 | 00811nam a22002417a 4500 | ||
|---|---|---|---|
| 999 |
_c947 _d947 |
||
| 003 | AR-CdUCM | ||
| 008 | 190225b ||||| |||| 00| 0 spa d | ||
| 040 |
_aMUNICIPALIDAD PROVINCIAL DEL CUSCO _cBIBLIOTECA MUNICIPAL DEL CUSCO |
||
| 041 | _hfre | ||
| 082 |
_a230 / _bB25 |
||
| 100 |
_aBarrau, P. _93668 |
||
| 245 |
_aEn el mundo / _cP. Barrau |
||
| 260 |
_aBarcelona : _bEstela, _c1964. |
||
| 300 |
_a166 paginas ; _c20 cm. |
||
| 505 | _aUnos hombres en la noche -- Una luz en las tinieblas -- La luz verdadera -- Las inquietudes -- Junto a la fuente -- Han encontrado a cristo ... | ||
| 650 |
_areligión _91195 |
||
| 650 |
_aCristianismo _92910 |
||
| 650 |
_aDescubrimiento _9249 |
||
| 650 |
_aEspiritualidad _93669 |
||
| 700 |
_aDesumbila, José _93670 |
||
| 942 |
_2ddc _cLIBROS |
||
| 945 |
_aacv _d2019-02-25 |
||